[Event "Bogota District-ch"]
[White "Collantes Tovar, Santiago"]
[Black "Montilla Rodriguez, Camilo"]
[Site "Bogota"]
[Round "4"]
[Result "1-0"]
[Date "2024.04.20"]
[WhiteElo "1807"]
[BlackElo "1570"]
[PlyCount "63"]
[EventDate "2024.04.17"]
[EventType "swiss"]
[EventRounds "7"]
[EventCountry "COL"]
[SourceTitle "CBM 220 Extra"]
[Source "ChessBase"]
[SourceDate "2024.07.31"]
[SourceVersion "1"]
[SourceVersionDate "2024.07.31"]
[SourceQuality "1"]

1. e4 c6 2. Nf3 d5 3. Nc3 dxe4 4. Nxe4 Nf6 5. Qe2 Nxe4 6. Qxe4 Nd7 7. Bc4 Nf6 8. Ne5 e6 9. Qe2 b5 10. Nxc6 Qb6 11. Bxb5 Bd7 12. Nxa7 Rxa7 13. Bxd7+ Rxd7 14. 0-0 Bc5 15. d3 0-0 16. c3 e5 17. b4 Bd6 18. Be3 Qc6 19. Rfc1 Ra8 20. Qb2 Qb5 21. Rd1 e4 22. dxe4 Nxe4 23. Rd4 Re7 24. Qc2 Qe5 25. g3 Rc8 26. Rad1 Bc7 27. Bf4 Qe6 28. Bxc7 Rcxc7 29. Rd8+ Re8 30. Rxe8+ Qxe8 31. Qxe4 Qc8 32. Qd4 1-0

[Event "Bogota District-ch"]
[White "Rubiano Peralta, Luis Emmanuel"]
[Black "Collantes Tovar, Santiago"]
[Site "Bogota"]
[Round "3"]
[Result "1-0"]
[Date "2024.04.19"]
[WhiteElo "1594"]
[BlackElo "1807"]
[PlyCount "53"]
[EventDate "2024.04.17"]
[EventType "swiss"]
[EventRounds "7"]
[EventCountry "COL"]
[SourceTitle "CBM 220 Extra"]
[Source "ChessBase"]
[SourceDate "2024.07.31"]
[SourceVersion "1"]
[SourceVersionDate "2024.07.31"]
[SourceQuality "1"]

1. e4 c5 2. Nf3 Nc6 3. d4 cxd4 4. Nxd4 g6 5. c4 Bg7 6. Be3 Nf6 7. Nc3 d6 8. f3 0-0 9. Qd2 Bd7 10. h4 Ne5 11. g4 h5 12. gxh5 Nxh5 13. Rg1 a6 14. Be2 Rc8 15. b3 Qa5 16. f4 Nc6 17. Rg5 Qb4 18. Bxh5 gxh5 19. a3 Qa5 20. Rxa5 Nxa5 21. Nd5 e5 22. Qxa5 exd4 23. Ne7+ Kh7 24. Qxh5+ Bh6 25. Bd2 f5 26. Qg6+ Kh8 27. Qxh6# 1-0

[Event "COL Subzt 2.3.4"]
[White "Collantes Tovar, Santiago"]
[Black "Murillo Loreo, Oscar Miguel"]
[Site "Risarald"]
[Round "9"]
[Result "0-1"]
[Date "2021.11.28"]
[WhiteElo "1469"]
[BlackElo "1775"]
[PlyCount "108"]
[EventDate "2021.11.23"]
[EventType "swiss"]
[EventRounds "9"]
[EventCountry "COL"]
[SourceTitle "CBM 205 Extra"]
[Source "ChessBase"]
[SourceDate "2022.01.31"]
[SourceVersion "1"]
[SourceVersionDate "2022.01.31"]
[SourceQuality "1"]

1. e4 c5 2. Nf3 Nc6 3. d4 cxd4 4. Nxd4 g6 5. Nc3 Bg7 6. Be3 Nf6 7. Bc4 0-0 8. Bb3 a5 9. 0-0 a4 10. Nxa4 Nxe4 11. Nb5 d6 12. Qe2 Nf6 13. c4 Bf5 14. Rad1 Ne5 15. Bb6 Qd7 16. c5 Bd3 17. Rxd3 Qxb5 18. Rd2 Qc6 19. cxd6 exd6 20. Rc2 Qe8 21. f4 Nc6 22. Re1 Qd7 23. Rd2 Rfe8 24. Qd1 Rxe1+ 25. Qxe1 Re8 26. Qd1 Ne4 27. Nc5 Qf5 28. Nxe4 Qxe4 29. Rxd6 Qb4 30. Bf2 Bd4 31. Rxd4 Nxd4 32. g3 Nxb3 33. axb3 Qb5 34. Qd6 Qa5 35. Bd4 Qe1+ 36. Kg2 Qe4+ 37. Kg1 Qb1+ 38. Kg2 h5 39. Qf6 Re2+ 40. Kh3 Qf5+ 41. Qxf5 gxf5 42. Be5 Kh7 43. Bc3 Kg6 44. Bd4 b5 45. b4 Re4 46. Bc3 Rc4 47. Kh4 Rc6 48. Be5 Rc2 49. Kh3 Re2 50. Bc3 h4 51. gxh4 Kh5 52. Bf6 Re3+ 53. Kg2 Kg4 54. Be5 Re4 0-1

[Event "COL Subzt 2.3.4"]
[White "Zuluaga, Nicolas"]
[Black "Collantes Tovar, Santiago"]
[Site "Risarald"]
[Round "6"]
[Result "0-1"]
[Date "2021.11.26"]
[WhiteElo "1722"]
[BlackElo "1469"]
[PlyCount "66"]
[EventDate "2021.11.23"]
[EventType "swiss"]
[EventRounds "9"]
[EventCountry "COL"]
[SourceTitle "CBM 205 Extra"]
[Source "ChessBase"]
[SourceDate "2022.01.31"]
[SourceVersion "1"]
[SourceVersionDate "2022.01.31"]
[SourceQuality "1"]

1. d4 Nf6 2. Nf3 g6 3. Nc3 Bg7 4. Bf4 0-0 5. Qd2 d6 6. e3 Nbd7 7. Be2 c5 8. dxc5 Nxc5 9. Rd1 Bf5 10. Nd4 Nfe4 11. Nxe4 Nxe4 12. Qb4 a5 13. Qa3 Bd7 14. f3 e5 15. fxe4 exf4 16. exf4 Qh4+ 17. g3 Qh3 18. Nf3 Bc6 19. Qd3 Bxb2 20. Ng5 Qc8 21. 0-0 h6 22. Nf3 Re8 23. Nd2 Qe6 24. Bf3 Qxa2 25. Qxd6 Rad8 26. Qc7 Rd7 27. Qxd7 Bxd7 28. Nb3 Bc6 29. e5 Bxf3 30. Rxf3 a4 31. Nc1 Bxc1 32. Rxc1 Rc8 33. c3 Qb2 0-1

[Event "COL Subzt 2.3.4"]
[White "Sanchez Bustos, Miguel Angel"]
[Black "Collantes Tovar, Santiago"]
[Site "Risarald"]
[Round "2"]
[Result "1-0"]
[Date "2021.11.24"]
[WhiteElo "1754"]
[BlackElo "1469"]
[PlyCount "55"]
[EventDate "2021.11.23"]
[EventType "swiss"]
[EventRounds "9"]
[EventCountry "COL"]
[SourceTitle "CBM 205 Extra"]
[Source "ChessBase"]
[SourceDate "2022.01.31"]
[SourceVersion "1"]
[SourceVersionDate "2022.01.31"]
[SourceQuality "1"]

1. c4 Nf6 2. Nc3 g6 3. Nf3 Bg7 4. g3 0-0 5. Bg2 d6 6. 0-0 Nc6 7. Rb1 e5 8. b4 Bf5 9. d3 Qd7 10. Re1 Rab8 11. b5 Nd4 12. Ng5 h6 13. Nge4 Nxe4 14. dxe4 Bh3 15. e3 Bxg2 16. Kxg2 Ne6 17. h4 Nc5 18. Ba3 b6 19. Bxc5 bxc5 20. Qd5 Kh8 21. Rbd1 f5 22. f3 f4 23. Qxc5 fxg3 24. Qd5 Rxf3 25. Kxf3 Qh3 26. Ke2 Rf8 27. Kd2 Qxh4 28. Qd3 1-0

[Event "Bogota Region Univ Ascun-B"]
[White "Rojas, Santiago"]
[Black "Collantes Tovar, Santiago"]
[Site "Bogota"]
[Round "7.1"]
[Result "1-0"]
[Date "2016.03.13"]
[WhiteElo "1608"]
[BlackElo "1469"]
[PlyCount "74"]
[EventDate "2016.03.11"]
[EventType "swiss"]
[EventRounds "7"]
[EventCountry "COL"]
[SourceTitle "EXT 2024"]
[Source "ChessBase"]
[SourceDate "2023.10.10"]
[SourceVersion "1"]
[SourceVersionDate "2023.10.10"]
[SourceQuality "1"]

1. e4 c5 2. Nf3 Nc6 3. d4 cxd4 4. Nxd4 Nf6 5. Nc3 g6 6. Bc4 Bg7 7. Bb3 0-0 8. Be3 Ng4 9. Qxg4 Nxd4 10. Qd1 Nxb3 11. axb3 a6 12. 0-0 d6 13. f4 Bd7 14. Qd3 Bc6 15. f5 Qd7 16. Ra5 b5 17. Bd4 Bxd4+ 18. Qxd4 Qb7 19. f6 exf6 20. Rxf6 Rfd8 21. Ra1 Qa7 22. Rd1 b4 23. Nd5 Bxd5 24. Qxa7 Rxa7 25. Rxd5 Rad7 26. g4 Kf8 27. Kg2 Ke7 28. g5 h6 29. h4 hxg5 30. hxg5 Rc7 31. Rf2 Rc5 32. Kf3 Ke6 33. Rfd2 Rxd5 34. Rxd5 Rc8 35. Rd2 Rc5 36. Kf4 Re5 37. Rd4 a5 1-0